Normal view
MARC view
- LINEAR ANALYSIS
Entry Topical Term
001 - CONTROL NUMBER
- control field: 56472
003 - CONTROL NUMBER IDENTIFIER
- control field: NUST
005 - DATE AND TIME OF LATEST TRANSACTION
- control field: 20210628201718.0
008 - FIXED-LENGTH DATA ELEMENTS
- fixed length control field: 210628|| aca||aabn | a|a d
040 ## - CATALOGING SOURCE
- Original cataloging agency: NUST
- Transcribing agency: NUST
150 ## - HEADING--TOPICAL TERM
- Topical term or geographic name entry element: LINEAR ANALYSIS
670 ## - SOURCE DATA FOUND
- Source citation: Work cat.: (NUST): Bollobas, Bela 56471, Linear analysis ,an introductory course, 1999
